000 00493nam a2200181Ia 4500
003 LK-CoDNM
008 010623t1933 xxu||||| |||| 00| 1 sin d
040 _aLK-CoDNM
_dLK-CoDNM
_eLK-CoDNM
041 _asin
080 _a104 Y.13
100 _aDias,Charles
245 _aශ්‍රී සද්ධර්ම කර්ණිකා
246 _aSri saddharma karnikaa
260 _bCharles dias
_aColobmo
_c1933
300 _b11p., 21 cm
700 _aSri devarakkhita thero
942 _cBK
999 _c96904
_d96904